00565nam a2200193 a 4500001001300000003000900013005001700022008004100039020002400080082002000104100001900124245006100143260004300204300000900247500003500256505003400291650002700325700001900352nice12345678IN_TiNIC20260116013054.0050524s1997 lona grp 000 0 eng  a0415014 c114600a305.420973bGAR aGarcia, Alma M aChicana; Feminist Thought, the Basic Historical Writings aLondon bRoutledge Chapman Hall c1997 a324p aincludes index and biblioraphy2 aAppendix, Bibliography, Index aFeminism-United States1 aGarcia, Alma M